000 00406nam a2200169Ia 4500
008 151213s9999 xx 000 0 und d
020 _a9.7805900924e+012
100 _aLester Hawksby
245 _aEncyclopedia
_cLester Hawksby
250 _a1st
260 _aLondon
_bPhilips
_c2008
300 _a6235 p.
650 _aEncyclopedia
650 _aRef. Books
700 _aLester Hawksby
999 _c3479
_d3479